| 000 | 02290 a2200289 4500 | ||
|---|---|---|---|
| 003 | OSt | ||
| 005 | 20180116192355.0 | ||
| 008 | 120601t xxu||||| |||| 00| 0 eng d | ||
| 010 | _a 2006037163 | ||
| 020 | _a9780415372343 (hardback : alk. paper) | ||
| 020 | _a0415372348 (hardback : alk. paper) | ||
| 020 | _a9780415372350 (pbk. : alk. paper) | ||
| 020 | _a0415372356 (pbk. : alk. paper) | ||
| 035 | _a(OCoLC)ocm76074237 | ||
| 040 | _c0 | ||
| 082 | 0 | 0 | _a701.18 |
| 245 | 0 | 0 |
_aMaking art history : _ba changing discipline and its institutions / _cedited by Elizabeth C. Mansfield. |
| 260 |
_aNew York ; _aLondon : _bRoutledge, _c2007. |
||
| 300 |
_axi, 274 p. : _bill. ; _c24 cm. |
||
| 505 | 0 | _aThe call of the canon : why art history cannot do without / Marlite Halbertsma -- From the prophet to postmodernism? New world orders and the end of Islamic art / Finbarr Barry Flood -- Turning green into black, or how I learned to live with the canon / Steven Nelson -- What's in a name? "Flanders," language and the historiography of late medieval art in Belgium since federalization / Gregory T. Clark -- Art history's present tense / Janet Kraynak -- The totality of form : S.J. Freedberg's criticism and Clement Greenberg's history / Eric Rosenberg -- Unmaking art history / Donald Preziosi -- Rhetoric and motive in art history : a shapeshifter's perspective / Christopher Bucklow -- On the institution of limits / Stephen Melville -- Remaking art history : working wonder in the university's ruins / Claire Farago -- Deep innovation and mere eccentricity in Islamic art history / David Carrier -- Art, science, and evolution / Robert O. Bork -- Figuring the origins of the modern at the fin de siècle : the trope of the pathetic male / Anna C. Chave -- Re-imagining meaning in the contemporary museum : from things that go beep in the case to the artist ex machina / Christopher R. Marshall -- (Con)Testing resources / Maureen Connor. | |
| 650 | 1 | 0 |
_aArt _xHistoriography. _93548 |
| 650 | 1 | 0 |
_aArt and society. _93549 |
| 700 | 1 |
_aMansfield, Elizabeth, _d1965- _93550 |
|
| 856 | 4 | 1 |
_3Table of contents only _uhttp://www.loc.gov/catdir/toc/ecip074/2006037163.html |
| 942 |
_aSADA _cBK _k701.18 MAK 2007 _2ddc |
||
| 999 |
_c353071 _d353071 |
||